Gaming Quiz

Random Gaming or Board Games Quiz

Cluedo (Clue) Quiz Stats

 Plays Quiz Updated Dec 6, 2017

Score 0/21 Timer 05:00
2 Plays Today
% Correct
rope
93.5%
revolver
92.9%
Kitchen
92.9%
candlestick
88.1%
knife
87.3%
Colonel Mustard
86.7%
Miss Scarlett
83.8%
Mrs. White
82%
Reverend Green
81.6%
Professor Plum
81.3%
Library
79.1%
% Correct
lead pipe
76.7%
Dining Room
76.1%
Hall
70.5%
Study
70.2%
Mrs. Peacock
70.1%
Conservatory
67.4%
Billiard Room
63.5%
wrench
62.9%
Ballroom
60.2%
Lounge
50.2%

You're not logged in!

Compare scores with friends on all Sporcle quizzes.
OR
Log In

Sporcle TV

Today on Sporcle TV


Watch our educational content, quiz creation guides, and fun videos on Sporcle TV.

Show Comments

Extras

Top Quizzes Today


Score Distribution

Your Account Isn't Verified!

In order to create a playlist on Sporcle, you need to verify the email address you used during registration. Go to your Sporcle Settings to finish the process.

Report this User

Report this user for behavior that violates our Community Guidelines.

Details: